00000000nam 2200000zi 4500
0019.945281
003CaOODSP
00520241118134333
006m     o  d f      
007cr mn|||||||||
008241118s1971    oncd    o    f100 0 fre d
040 |aCaOODSP|bfre|erda|cCaOODSP
043 |an-cn---
0861 |aCo41-1/6BF-PDF|zCo41-1/6BF
1112 |aSéminaire sur l'accès à l'information |d(1970 : |cUniversité Carleton)
24510|aRapport du séminaire sur l'accès à l'information : |bcomment connaître et être connu / |ctenu sous les auspices du Ministère des Communications et du Ministère de l'Expansion économique régionale.
24634|aAccès à l'information
264 1|aOttawa : |bMinistère des communications, |c1971.
300 |a1 ressource en ligne (44 pages) : |bgraphiques
336 |atexte|btxt|2rdacontent/fre
337 |ainformatique|bc|2rdamedia/fre
338 |aressource en ligne|bcr|2rdacarrier/fre
4901 |aTélécommission étude ; |v6(b)
500 |aPublié aussi en anglais sous le titre : Report of the Seminar on Access to Information : how to know and be known.
500 |aÉdition numérisée de l'imprimé [par Innovation, sciences et développement économique Canada].
650 6|aLiberté d'information|vCongrès.
650 6|aServices d'information|xAspect économique|zCanada|vCongrès.
650 6|aSociologie de la connaissance|vCongrès.
650 6|aTélécommunications|zCanada|vCongrès.
655 7|aActes de congrès|2rvmgf
7101 |aMinistère des communications, |eorganisme de publication.
77508|tReport of the Seminar on Access to Information : |w(CaOODSP)9.945280
830#0|aTélécommission étude ;|v6(b).|w(CaOODSP)9.927948
85640|qPDF|s1.77 Mo|uhttps://publications.gc.ca/collections/collection_2024/isde-ised/co41-1/Co41-1-6B-fra.pdf